000 01413nam0a2200373 4500
001 RU\NLR\BIBL_A\012259921
005 20200623085238.0
010 _a978-5-389-16797-1
_93000
021 _aRU
_bКН-П-20-007971
_9КН-П-20-0604
035 _a(NLR Aleph) 012259921
035 _a(RuMoRGB)010271976
090 _a11126557
_c11126557
100 _a20200327d2020 u y0rusy50 ca
101 1 _arus
_cger
102 _aRU
105 _aa zzzz00000ay
181 0 _ai
_baxxe
182 0 _an
200 1 _aЛунный дракон
_eсказка
_e[для младшего школьного возраста]
_fКорнелия Функе, Аннетт Свобода
_gперевод с немецкого Марии Сокольской
_g[художник: Аннетт Свобода]
203 _aТекст
_bвизуальный
_cнепосредственный
210 _aМосква
_cМахаон
_d2020
215 _a40, [3] с.
_cцв. ил.
_d28
333 _a0+
686 0 _aШ9(4Г)60-4
700 1 _7ca
_8rus
_aФунке
_bК.
_f1958-
_gКорнелия
_955722
_3RU\NLR\AUTH\7772794
701 1 _aСвобода
_bА.
_gАннетт
702 1 _aСвобода
_bА.
_gАннетт
_4040
942 _cBOOK
980 _aNBR
980 _aNB